El trabajo de las naciones
Saved in:
| Main Author: | |
|---|---|
| Other Authors: | |
| Format: | Book |
| Language: | Spanish English |
| Published: |
Madrid :
Javier Vergara,
1993
|
| Series: | Business class.
|
| Subjects: |
| LEADER | 01354Cam#a2200337#a#4500 | ||
|---|---|---|---|
| 001 | 026055 | ||
| 005 | 20160721161839.0 | ||
| 008 | 140411r19931991sp ###########000#0#spa#d | ||
| 020 | |a 8474171164 | ||
| 040 | |a AR-BeUNQ |b spa | ||
| 041 | 1 | |a pa |h eng | |
| 082 | 0 | 4 | |a 320.54 |2 21 |
| 100 | 1 | |a Reich, Robert B | |
| 245 | 0 | 3 | |a El trabajo de las naciones |c Robert B. Reich ; prólogo de José María Amusátegui. |
| 260 | |a Madrid : |b Javier Vergara, |c 1993 | ||
| 300 | |a 318 p. ; |c 22 cm. | ||
| 490 | 1 | |a Business class / directora, Trinidad Vergara | |
| 500 | |a Título original: The work of nations. | ||
| 504 | |a Incluye referencias bibliográficas. | ||
| 505 | 0 | |a Agradecimientos -- Presentación -- Introducción: El concepto de nación -- La economía nacional -- La red mundial -- Los analistas simbólicos -- El significado de "nación" -- Epílogo: La identidad nacional en la era postsoviética -- Fuentes adicionales de consulta | |
| 650 | 7 | |a Nacionalismo |2 spines | |
| 650 | 7 | |a Economía |2 spines | |
| 650 | 7 | |a Política económica |2 spines | |
| 650 | 7 | |a Capitalismo |2 spines | |
| 650 | 7 | |a Nación |2 toit | |
| 653 | |a Economía política | ||
| 700 | 1 | |a Amusátegui, José María, |e prologuista |4 aui | |
| 830 | 0 | |a Business class. | |
| 929 | |a DONACION |b Armando Azeglio |d 0,00 |e 20110222 |f PAT0037222 |g 1728 |j 51149 | ||
| 942 | |c LIB |n 0 | ||
| 999 | |c 23977 |d 99364 | ||